Isolation and structure determination of two flavonoids from the roots of Leuzea carthamoides

Elmentve itt :
Bibliográfiai részletek
Szerzők: Dombi György
Szalma Sándor
Pelczer István
Varga Erzsébet
Hajdú Zsuzsanna
Szendrei Kálmán
Dokumentumtípus: Cikk
Megjelent: 1989
Sorozat:FITOTERAPIA 60 No. 2
Tárgyszavak:
mtmt:1847487
Online Access:http://publicatio.bibl.u-szeged.hu/32715
LEADER 00906nab a2200265 i 4500
001 publ32715
005 20250411113609.0
008 250411s1989 hu o 000 eng d
022 |a 0367-326X; 1873-6971 
024 7 |a 1847487  |2 mtmt 
040 |a SZTE Publicatio Repozitórium  |b hun 
041 |a eng 
100 1 |a Dombi György 
245 1 0 |a Isolation and structure determination of two flavonoids from the roots of Leuzea carthamoides  |h [elektronikus dokumentum] /  |c  Dombi György 
260 |c 1989 
300 |a 159-160 
490 0 |a FITOTERAPIA  |v 60 No. 2 
650 4 |a Biológiai tudományok 
650 4 |a Általános orvostudomány 
700 0 1 |a Szalma Sándor  |e aut 
700 0 1 |a Pelczer István  |e aut 
700 0 1 |a Varga Erzsébet  |e aut 
700 0 1 |a Hajdú Zsuzsanna  |e aut 
700 0 1 |a Szendrei Kálmán  |e aut 
856 4 0 |u http://publicatio.bibl.u-szeged.hu/32715/1/aok_klny_115_89.pdf  |z Dokumentum-elérés